01131 a2200193 45000010006000000050017000060080041000230030015000640400040000790800117001192450050002362640045002863000019003315050442003501000015007927000016008077000019008238560095008424767820260407155743.0260407a1971 arg spa dAR-UNSa-BCEJYS aAR-UNSa-BCEJYSbspacAR-UNSa-BCEJYS a338.2xPolítica económica. Control de la economía. Gestión de la economía. Planificación económica10aEconomía Políticapun análisis marxista 1aBuenos Aires :bAmorrortu Editoresc1971 a313 p.c20 cm. a1. El capitalismo - 2. La producción de mercancías - 3. Los orígenes del capitalismo - 4. La esencia de la explotación capitalista - 5. El capital y la acumulación - 6. La distribución de la plusvalía - 7. La renta y el capitalismo en la agricultura - 8. Reproducción del capital y crisis - 9. El imperialismo y el capital financiero - 10. Producto nacional y su distribución - 11. El socialismo y el futuro del hombre.1 aAbt, Diana1 aEaton, John1 aTodesca, Jorge41uhttps://biblioeco.unsa.edu.ar/pmb/images/libros/L127644.jpgyImagen de portadaqimage/jpeg